Československá daňová reforma. 9.
Cestná daň je novou daňou, mala by byť zavedená od 1.1.1993. Určenie predmetu cestnej dane. Platenie dane. Priznanie k cestnej dani. Sadzby dane pre tuzemských i pre zahraničných užívateľov ciest. Charakteristika cestného fondu a správy cestnej dane.
Gespeichert in:
| 1. Verfasser: | |
|---|---|
| Format: | Buchkapitel |
| Sprache: | Tschechisch |
| Schlagworte: | |
| Tags: |
Keine Tags, Fügen Sie das erste Tag hinzu!
|
MARC
| LEADER | 00000naa a2200000 4500 | ||
|---|---|---|---|
| 001 | r008392 | ||
| 005 | 20220831090138.7 | ||
| 041 | 0 | |a cze | |
| 044 | |a [CS] | ||
| 245 | 1 | 0 | |a Československá daňová reforma. 9. |c F. Karel |
| 520 | |a Cestná daň je novou daňou, mala by byť zavedená od 1.1.1993. Určenie predmetu cestnej dane. Platenie dane. Priznanie k cestnej dani. Sadzby dane pre tuzemských i pre zahraničných užívateľov ciest. Charakteristika cestného fondu a správy cestnej dane. | ||
| 610 | 2 | 0 | |a dane |
| 610 | 2 | 0 | |a cesty |
| 610 | 2 | 0 | |a reformy daňové |
| 610 | 2 | 0 | |a ČSFR |
| 610 | 2 | 0 | |a 1993 |
| 610 | 2 | 0 | |a sadzby daňové |
| 100 | 1 | |a Karel, F. | |